Namibia Country Quiz - Statistics

General Stats
  • This quiz has been taken 23,323 times
    23,279 since last reset
  • The average score is 14 of 20
Answer Stats
Hint Answer % Correct
Bordering country South Africa
97%
Bordering country Angola
96%
Bordering country Botswana
95%
Bordering country Zambia
93%
Official language English
92%
European country that colonized Namibia between 1884–1915 Germany
92%
An estimated 13.8% of adults are positive for this virus HIV
90%
Capital of Namibia Windhoek
87%
Only country in the world that is less densely populated than Namibia Mongolia
85%
Namibia has one of the highest populations of this speedy mammal Cheetah
83%
Major desert that covers the eastern and central parts of Namibia Kalahari
75%
River that makes parts of Namibia's border with bordering country #4 Zambezi
70%
Namibia is the fourth-largest miner of this element with atomic number 92 Uranium
67%
Coastal desert that is possibly the oldest in the world Namib
61%
"Bony" coastal area where a large number of European sailors have died, (given the dense fog and the violent storms) {Skeleton} Coast
49%
Major river that makes the border with bordering country #3 Orange River
48%
Fish River ____ is the largest _____ in Africa, 160 km long and 550 meters deep Canyon
33%
The only natural harbor of any size along Namibia's coast {Walvis} Bay
30%
Group of southern African people that form a branch of human genetics that split from all others over 100,000 years ago San (Bushmen)
27%
Group of islands named for the birds that inhabit them {Penguin} Islands
25%
No matching quizzes found
Score Distribution
Percent of People with Each Score
Percentile by Number Answered
Your Score History
You have not taken this quiz since the last reset